| 000 | 00631npc a2200205Ia 4500 | ||
|---|---|---|---|
| 001 | dp5/12-29008 [d000003454] | ||
| 003 | IT-MiCISF | ||
| 008 | 161014s9999||||xx | und|| | ||
| 040 |
_aIT-MiCISF _cIT-MiCISF |
||
| 041 | _ait | ||
| 100 | _aAA.VV. | ||
| 245 | 0 |
_aLa famiglia risorsa per la chiesa e per la società _bLinee guida per l'azione |
|
| 250 | _a1a ed. | ||
| 260 |
_bCaritas Internationalis _c1999 |
||
| 300 | _app. 85 | ||
| 500 | _aCaritas Internationalis / famiglia, diritti-famiglia, bisogni-famiglia, chiesa, pastorale-familiare / | ||
| 650 | _afamiglia | ||
| 942 | _cDD | ||
| 957 | _71 | ||
| 999 |
_a29008 _bsi _g1 _c206629 _d206629 |
||